<?xml version="1.0" encoding="utf-8"?>
<?xml-stylesheet type='text/xsl' href='./oai2.xsl'?>
<OAI-PMH xmlns="http://www.openarchives.org/OAI/2.0/" xmlns:xsi="http://www.w3.org/2001/XMLSchema-instance" xsi:schemaLocation="http://www.openarchives.org/OAI/2.0/ http://www.openarchives.org/OAI/2.0/OAI-PMH.xsd">
  <responseDate>2026-05-15T21:22:08Z</responseDate>
  <request verb="GetRecord" metadataPrefix="marcxml" identifier="record_kuniweb_2758200">https://kulturerbe.niedersachsen.de/oai</request>
  <GetRecord>
    <record>
      <header>
        <identifier>record_kuniweb_2758200</identifier>
        <datestamp>2026-03-31T19:09:18Z</datestamp>
        <setSpec>slg0184</setSpec>
      </header>
      <metadata>
        <marc:record xmlns:marc="http://www.loc.gov/MARC21/slim" xsi:schemaLocation="http://www.loc.gov/MARC21/slim http://www.loc.gov/standards/marcxml/schema/MARC21slim.xsd">
          <marc:leader>12345nkm  22     uu 4500</marc:leader>
          <marc:controlfield tag="001">2758200</marc:controlfield>
          <marc:controlfield tag="003">http://kuniweb.gbv.de</marc:controlfield>
          <marc:controlfield tag="005">2025-12-16T14:14:52</marc:controlfield>
          <marc:controlfield tag="008">|           ||||||||||||||||||||||</marc:controlfield>
          <marc:datafield tag="245" ind1="1" ind2="0">
            <marc:subfield code="a">Collegium Carolinum</marc:subfield>
          </marc:datafield>
          <marc:datafield tag="720" ind1=" " ind2=" ">
            <marc:subfield code="a">Anton August Beck</marc:subfield>
          </marc:datafield>
          <marc:datafield tag="655" ind1=" " ind2="7">
            <marc:subfield code="a">Grafik</marc:subfield>
          </marc:datafield>
          <marc:datafield tag="046" ind1=" " ind2=" ">
            <marc:subfield code="k">1746</marc:subfield>
            <marc:subfield code="k">ca. 1746</marc:subfield>
          </marc:datafield>
          <marc:datafield tag="260" ind1=" " ind2=" ">
            <marc:subfield code="g">1746</marc:subfield>
            <marc:subfield code="g">ca. 1746</marc:subfield>
          </marc:datafield>
          <marc:datafield tag="300" ind1=" " ind2=" ">
            <marc:subfield code="a">Höhe: 88 mm (Platte)
Breite: 101 mm (Platte)
Höhe: 137 mm (Blatt)
Breite: 148 mm (Blatt)</marc:subfield>
          </marc:datafield>
          <marc:datafield tag="520" ind1=" " ind2=" ">
            <marc:subfield code="a">Noch bis 1745 als Dienstgebäude des Stadtkommandanten genutzt, zeigt die Abbildung das zur höheren Schule umgewidmete Gebäude mit neu verputztem oberem Fachwerkgeschoss. (Städtisches Museum Braunschweig, Text: Andreas Büttner)

Inschrift:
Bezeichnet, in dem Schriftband, in der Platte: "COLLEGIVM CAROLINVM":

Veröffentlicht in:
G. Spies, „Braunschweig Das Bild einer Stadt im 18. Jahrhundert ; Arbeiten der Braunschweiger Kupferstecherfamilie Beck ; [wurde anläßlich der Wiedereröffnung des Städtischen Museums Braunschweig am 22. August 1976 und in Verbindung mit einer gleichlautenden Eröffnungsausstellung herausgegeben]“. Waisenhaus-Buchdr. und -Verl., Braunschweig, 1976. (S. 171, Kat. Nr. 133.)

Veröffentlicht in:
C. Hollberg, „"Glückwunsch, Carl!" Luxus aus Braunschweig ; [Katalog anlässlich der Ausstellung ‚Glückwunsch Carl! - Luxus aus Braunschweig‘ im Städtischen Museum Braunschweig vom 20. Juni - 6. Oktober 2013]“. Städtisches Museum, Braunschweig, 2013. (S. 30, Kat. Nr. 23.)</marc:subfield>
          </marc:datafield>
          <marc:datafield tag="650" ind1="1" ind2=" ">
            <marc:subfield code="a">Turm</marc:subfield>
          </marc:datafield>
          <marc:datafield tag="650" ind1="1" ind2=" ">
            <marc:subfield code="a">Gymnasium</marc:subfield>
          </marc:datafield>
          <marc:datafield tag="650" ind1="1" ind2=" ">
            <marc:subfield code="a">Grafik, Fotografie &gt; Druckgrafik &gt; Tiefdruck &gt; Kupferstich</marc:subfield>
          </marc:datafield>
          <marc:datafield tag="650" ind1="1" ind2=" ">
            <marc:subfield code="a">Grafik, Fotografie &gt; Druckgrafik &gt; Tiefdruck &gt; Radierung</marc:subfield>
          </marc:datafield>
          <marc:datafield tag="650" ind1="1" ind2=" ">
            <marc:subfield code="a">Zeichnung/Grafik</marc:subfield>
          </marc:datafield>
          <marc:datafield tag="650" ind1="1" ind2=" ">
            <marc:subfield code="a">Braunschweig (Niedersachsen)</marc:subfield>
          </marc:datafield>
          <marc:datafield tag="773" ind1="0" ind2=" ">
            <marc:subfield code="t">Sammlung Grafik</marc:subfield>
          </marc:datafield>
          <marc:datafield tag="852" ind1=" " ind2=" ">
            <marc:subfield code="a">Städtisches Museum Braunschweig</marc:subfield>
          </marc:datafield>
          <marc:datafield tag="" ind1=" " ind2=" ">
            <marc:subfield code="a">kein Copyright / Public domain (CC0 1.0)</marc:subfield>
          </marc:datafield>
        </marc:record>
      </metadata>
    </record>
  </GetRecord>
</OAI-PMH>
